000 00593nam a2200229Ia 4500
003 OSt
005 20220928141445.0
006 a|||||r|||| 00| 0
007 ta
008 220927b |||||||| |||| 00| 0 eng d
024 _a15168
037 _cTextual
040 _aSDCL
_cSDCL
_beng
041 _2eng
_aeng
082 _aD65,5, N4
100 _aTocci Christopher
_9500294
245 0 _aOptical interconnection.
260 _c1994
700 _a Caulfield H John
_9500295
942 _hD65,5, N4
_cTEXL
_2CC
999 _c817577
_d817577